000 00588nam a2200121Ia 4500
008 171212s9999 xx 000 0 und d
020 _a9780833086402
100 _aGates, Susan M.;Hamilton, Laura S.;Martorell, Paco;Burkhauser, Susan;Heaton, Paul
245 _cGates, Susan M.;Hamilton, Laura S.;Martorell, Paco;Burkhauser, Susan;Heaton, Paul
_aPreparing Principals to Raise Student Achievement
_bImplementation and Effects of the New Leaders Program in Ten Districts
260 _bRAND Corporation
_c2014
650 _aEducation
856 _uhttp://www.jstor.org/stable/10.7249/j.ctt6wq9dc
999 _c352424
_d352424